Statistics for High School Musical Lyrics

Click here to take the quiz!

General Stats

  • This quiz has been taken 870 times
  • The average score is 6 of 9

Answer Stats

Lyrics Song Title % Correct
"Everybody's always talking at me. Everybody's trying to get in my head I wanna listen to my own heart talking"Bet On It
86%
"I've got to move on and be who I am. I just don't belong here..."Gotta Go My Own Way
86%
"It feels so right to be here with you. Oh. And now, lookin' in your eyes, I feel in my heart..."Start Of Something New
85%
"Coach said to fake right And break left Watch out for the pick And keep an eye on defense"Getcha Head In The Game
75%
"Once in a lifetime Means there's no second chance, so I believe that you and me should grab it while we can"Everyday
74%
"Here and now its time for celebration I finally figured it out. That all our dreams have no limitations"We're All In This Together
73%
"The voices in my head, Tell me they know best! Got me on the edge, they're pushin', pushin', they're pushin"Scream
66%
"Take it back to the place where you know it all began we could be anything we wanna be"Boys Are Back
61%
I got a lot of things I have to do, all these distractions, our futures coming soon"Just Wanna Be With You
41%

Score Distribution

Percentile by Number Answered

Percent of People with Each Score

Your Score History

You have not taken this quiz